000 00432nam a22001577a 4500
999 _c1795
_d1795
003 SLTCLib
008 251212b ce ||||| |||| 00| 0 eng d
020 _a9781118687000
041 _aEnglish
082 _a658.45
_bMOR
100 _aMorton, Simon
_93278
245 _aThe Presentation Lab
_bLearn the Formula Behind Powerful Presentations
260 _aCanada
_bJohn Wiley and Sons Inc
_c2014
300 _a254p.
942 _2ddc
_cMLN
945 _a3725
_bIshara wickramage
_c3725
_dIshara wickramage